Witnessing for Christ. (Record no. 11034)

000 -LEADER
fixed length control field 00558nam a2200181 a 4500
001 - CONTROL NUMBER
control field :::00008827$&:&@@
003 - CONTROL NUMBER IDENTIFIER
control field OkBaRHE
005 - DATE AND TIME OF LATEST TRANSACTION
control field 20000607103346.0
008 - FIXED-LENGTH DATA ELEMENTS--GENERAL INFORMATION
fixed length control field s1936 j 000 0 eng u
040 ## - CATALOGING SOURCE
Transcribing agency
100 1# - MAIN ENTRY--PERSONAL NAME
Personal name Williams, Ethel Hudson.
245 10 - TITLE STATEMENT
Title Witnessing for Christ.
260 ## - PUBLICATION, DISTRIBUTION, ETC. (IMPRINT)
Place of publication, distribution, etc Nashville, TN., :
Name of publisher, distributor, etc The Sunday School Board of the Southern Baptist Convention
Date of publication, distribution, etc 1936
300 ## - PHYSICAL DESCRIPTION
Extent 89 p.
650 ## - SUBJECT ADDED ENTRY--TOPICAL TERM
Topical term or geographic name as entry element Evangelism
942 ## - ADDED ENTRY ELEMENTS (KOHA)
Source of classification or shelving scheme
Koha item type Books
Copies
Price effective from Permanent Location Not for loan Date acquired Koha item type Barcode Source of classification or shelving scheme Date last seen Lost status Withdrawn status Full call number Damaged status Copy number Shelving location
2010-04-14RHEMA Bible Training College 2010-04-14Books8827 2010-04-14  BV 3795 .W5 1General Stacks